Catálogo

SEGUNDO SIMPOSIO NACIONAL SOBRE PINOS PIÑONEROS, MEXICO... (Registro nro. 8794)

Detalles MARC
000 -LEADER
fixed length control field 00430nam a2200145 a 4500
001 - CONTROL NUMBER
control field 8794
005 - DATE AND TIME OF LATEST TRANSACTION
control field 20180713192741.0
008 - FIXED-LENGTH DATA ELEMENTS--GENERAL INFORMATION
fixed length control field 140415s1988 000 0 spa d
041 ## - LANGUAGE CODE
Language code of text/sound track or separate title spa
082 ## - DEWEY DECIMAL CLASSIFICATION NUMBER
Classification number 634.9751
Item number SIM
245 00 - TITLE STATEMENT
Title SEGUNDO SIMPOSIO NACIONAL SOBRE PINOS PIÑONEROS, MEXICO...
260 ## - PUBLICATION, DISTRIBUTION, ETC.
Place of publication, distribution, etc. [s.l.] :
Name of publisher, distributor, etc. CENTRE DETUDES MEXICANES ET CENTRAMERICAINES,
Date of publication, distribution, etc. 1988
300 ## - PHYSICAL DESCRIPTION
Extent 311
650 14 - SUBJECT ADDED ENTRY--TOPICAL TERM
Topical term or geographic name entry element ARBOLES
General subdivision PINOS
Existencias
Withdrawn status Lost status Source of classification or shelving scheme Damaged status Not for loan Collection code Home library Current library Shelving location Date acquired Source of acquisition Inventory number Total Checkouts Full call number Barcode Date last seen Price effective from Koha item type
    Dewey Decimal Classification     General Biblioteca Karol Wojtyla Biblioteca Karol Wojtyla Área de silencio 03/12/2013 Compra 151000000000000000011973   634.9751 SIM 22708 05/01/2026 03/12/2013 Libro